Архитектурно-строительная акустика: учебное пособие

Dettagli Bibliografici
Autore principale: Агекян Н. М.
Ente Autore: Ленинградский инженерно-строительный институт (ЛИСИ)
Riassunto:Исключено из фонда НТБ ТПУ
Lingua:russo
Pubblicazione: Ленинград, [Б. и.], 1973
Natura: MixedMaterials Libro
KOHA link:https://koha.lib.tpu.ru/cgi-bin/koha/opac-detail.pl?biblionumber=349471

MARC

LEADER 00000nam0a2200000 4500
001 349471
005 20231101040142.0
035 |a (RuTPU)RU\TPU\retro\1761 
090 |a 349471 
100 |a 20180521d1973 m y0rusy50 ca 
101 0 |a rus 
102 |a RU 
105 |a a j 001zy 
200 1 |a Архитектурно-строительная акустика  |e учебное пособие  |f Н. М. Агекян  |g Ленинградский инженерно-строительный институт (ЛИСИ) 
210 |a Ленинград  |c [Б. и.]  |d 1973 
215 |a 80 с.  |c ил. 
333 |a Исключено из фонда НТБ ТПУ 
700 1 |a Агекян  |b Н. М. 
712 0 2 |a Ленинградский инженерно-строительный институт (ЛИСИ) 
801 1 |a RU  |b 63413507  |c 20180521 
801 2 |a RU  |b 63413507  |c 20220617  |g RCR 
942 |c BK